<?xml version="1.0" encoding="UTF-8"?><?xml-stylesheet type="text/xsl" href="static/style.xsl"?><OAI-PMH xmlns="http://www.openarchives.org/OAI/2.0/" xmlns:xsi="http://www.w3.org/2001/XMLSchema-instance" xsi:schemaLocation="http://www.openarchives.org/OAI/2.0/ http://www.openarchives.org/OAI/2.0/OAI-PMH.xsd"><responseDate>2026-04-14T04:05:20Z</responseDate><request verb="GetRecord" identifier="oai:www.recercat.cat:20.500.14342/3010" metadataPrefix="marc">https://recercat.cat/oai/request</request><GetRecord><record><header><identifier>oai:recercat.cat:20.500.14342/3010</identifier><datestamp>2025-05-02T03:26:09Z</datestamp><setSpec>com_2072_482405</setSpec><setSpec>com_2072_183628</setSpec><setSpec>col_2072_482415</setSpec></header><metadata><record xmlns="http://www.loc.gov/MARC21/slim" xmlns:dcterms="http://purl.org/dc/terms/" xmlns:xsi="http://www.w3.org/2001/XMLSchema-instance" xmlns:doc="http://www.lyncode.com/xoai" xsi:schemaLocation="http://www.loc.gov/MARC21/slim http://www.loc.gov/standards/marcxml/schema/MARC21slim.xsd">
   <leader>00925njm 22002777a 4500</leader>
   <datafield ind2=" " ind1=" " tag="042">
      <subfield code="a">dc</subfield>
   </datafield>
   <datafield ind2=" " ind1=" " tag="720">
      <subfield code="a">Navarro, Isidro</subfield>
      <subfield code="e">author</subfield>
   </datafield>
   <datafield ind2=" " ind1=" " tag="720">
      <subfield code="a">Fonseca, David</subfield>
      <subfield code="e">author</subfield>
   </datafield>
   <datafield ind2=" " ind1=" " tag="260">
      <subfield code="c">2008-12</subfield>
   </datafield>
   <datafield ind2=" " ind1=" " tag="520">
      <subfield code="a">La página WEB de cualquier institución se ha convertido en los últimos años en un referente comunicativo&#xd;
de sus actividades. Si nos centramos en el mundo de la cultura, los museos siguen siendo un referente en&#xd;
cuanto a sus contenidos tanto por calidad como por cantidad de obras que atesoran. En este artículo nos&#xd;
hemos centrado en analizar y evaluar la accesibilidad de la WEB de diversos entornos culturales de&#xd;
referencia para las personas con algún tipo de disfunción física, personas que habitualmente se encuentran&#xd;
con que los diseños atractivos y usables no acaban de ser accesibles para sus necesidades. El uso de&#xd;
herramientas validación o criterios de accesibilidad y usabilidad permiten un mayor rendimiento de dichos&#xd;
entornos WEB, y del estudio de dichos espacios que cumplen buenos criterios podemos extraer unas&#xd;
directrices básicas de diseño que permitan incrementar su accesibilidad a usuarios con cierto grado de&#xd;
discapacidad.</subfield>
   </datafield>
   <datafield ind1="8" ind2=" " tag="024">
      <subfield code="a">http://hdl.handle.net/20.500.14342/3010</subfield>
   </datafield>
   <datafield tag="653" ind2=" " ind1=" ">
      <subfield code="a">Usabilitat (Disseny de sistemes)</subfield>
   </datafield>
   <datafield tag="653" ind2=" " ind1=" ">
      <subfield code="a">Accessibilitat web</subfield>
   </datafield>
   <datafield tag="653" ind2=" " ind1=" ">
      <subfield code="a">Discapacitats i pàgines web</subfield>
   </datafield>
   <datafield ind2="0" ind1="0" tag="245">
      <subfield code="a">Accesibilidad Web en entornos culturales</subfield>
   </datafield>
</record></metadata></record></GetRecord></OAI-PMH>